[Event "Nana Aleksandria Cup"]
[Site "Poti GEO"]
[Date "2011.07.17"]
[Round "7"]
[White "Torosyan,N"]
[Black "Hayrapetian,O"]
[Result "0-1"]
[WhiteElo "2130"]
[BlackElo "2406"]

1.e4 c5 2.Nf3 e6 3.Nc3 a6 4.d4 cxd4 5.Nxd4 Qc7 6.Qf3 Nc6 7.Nxc6 bxc6 8.Qg3 Qxg3
9.hxg3 d5 10.Na4 Bb7 11.Nb6 Rd8 12.Bf4 Nf6 13.Bc7 Nxe4 14.Bd3 f5 15.Bxd8 Kxd8
16.Na4 c5 17.b3 Kc7 18.Bxe4 fxe4 19.O-O-O Bc6 20.Nc3 Be7 21.Ne2 Bg5+ 22.Kb1 e5
23.f4 exf3 24.gxf3 d4 25.Rhf1 Bf6 26.Nc1 Kd6 27.Nd3 h5 28.c3 g5 29.cxd4 cxd4
30.Rf2 h4 31.g4 h3 32.Rdd2 Bg7 33.Ne1 e4 34.fxe4 Bxe4+ 35.Kc1 Be5  0-1

[Event "2nd SPI Open"]
[Site "Satu Mare ROU"]
[Date "2011.07.17"]
[Round "4"]
[White "Vedmediuc,S"]
[Black "Manolache,M"]
[Result "1/2-1/2"]
[WhiteElo "2440"]
[BlackElo "2533"]

1.e4 c5 2.Nf3 e6 3.d4 cxd4 4.Nxd4 a6 5.Nc3 Qc7 6.Be2 Nf6 7.O-O d6 8.a4 Nc6
9.Be3 Be7 10.f4 O-O 11.Kh1 Bd7 12.Nb3 Nb4 13.a5 Rac8 14.Bf3 e5 15.Rf2 Rfe8
16.Rd2 Be6 17.Bb6 Qb8 18.Ra4 Nc6 19.Nd5 exf4 20.Nxe7+ Rxe7 21.Rxd6 Bxb3 22.cxb3 Rce8
23.Rd2 Nxe4 24.Re2 Ng5 25.Rxe7 Rxe7 26.Bxc6 bxc6 27.Rxf4 h6 28.Rc4 Qe8 29.Bf2 Ne4
30.Bg1 Re5 31.Rd4 Qe6 32.Qd3 c5 33.Rd8+ Kh7 34.h3 Qg6 35.Kh2 f5 36.Rf8 Qe6
37.Rd8 Qe7 38.Ra8 Qg5 39.Qf3 Nd2 40.Qf2 Ne4 41.Qf3 Nd2 42.Qf2 Ne4  1/2-1/2

[Event "Najdorf Memorial"]
[Site "Warsaw POL"]
[Date "2011.07.17"]
[Round "5"]
[White "Kantans,T"]
[Black "Czarnota,P"]
[Result "0-1"]
[WhiteElo "2345"]
[BlackElo "2541"]

1.e4 c5 2.Nf3 e6 3.d4 cxd4 4.Nxd4 a6 5.Nc3 b5 6.Bd3 Qb6 7.Be3 Bc5 8.Nce2 Nf6
9.Qd2 Ng4 10.b4 Bf8 11.Qc3 Bb7 12.Nf5 Nxe3 13.Nxg7+ Bxg7 14.Qxg7 Nxg2+ 15.Qxg2 Nc6
16.Qg5 Nxb4 17.Qf6 Rf8 18.Ng3 Qc5 19.Ke2 Nc6 20.c3 Qe5 21.Qxe5 Nxe5 22.a4 f5
23.axb5 Nxd3 24.Kxd3 axb5 25.Rxa8+ Bxa8 26.f3 fxe4+ 27.fxe4 Rf3+ 28.Kd2 h5
29.Nxh5 Bxe4 30.Rg1 Ke7 31.Rg7+ Kd6 32.Ng3 Bb1 33.h4 Rf2+ 34.Ke3 Rh2 35.h5 e5
36.Rg8 Rh3 37.Kf3 Kd5 38.Rg4 Rh2 39.Ke3 Kc5 40.Rg7 d6 41.Rc7+ Kd5 42.Rb7 Kc6
43.Rg7 Rh4 44.Rg8 Bh7 45.Rg7 Bc2 46.Kd2 Rh2+ 47.Ke3 d5 48.Rg8 b4 49.cxb4 d4+
50.Kf3 d3 51.Ne4 d2 52.Nc3 d1=Q+ 53.Nxd1 Bxd1+ 54.Ke4 Re2+ 55.Kf5 Bc2+ 56.Kf6 e4
57.h6 e3 58.Rg3 Kd5 59.b5 Rf2+ 60.Kg7 e2 61.Re3 Kd4  0-1

[Event "XXIX Andorra Open"]
[Site "Arinsal AND"]
[Date "2011.07.18"]
[Round "3.18"]
[White "Lillo Castay,V"]
[Black "De la Riva Aguado,J"]
[Result "1-0"]
[WhiteElo "2281"]
[BlackElo "2279"]

1.e4 c5 2.Nf3 e6 3.d4 cxd4 4.Nxd4 a6 5.Nc3 b5 6.Bd3 Qb6 7.Nb3 Qc7 8.O-O Bb7
9.Bd2 Nf6 10.Qe1 d6 11.a4 b4 12.Na2 a5 13.c3 d5 14.cxb4 dxe4 15.Rc1 Qe5 16.Bb5+ Nbd7
17.Nxa5 Bd5 18.Nc3 Bd6 19.g3 Qh5 20.Nxd5 exd5 21.Nb7 Be5 22.Nc5 Qh3 23.Nxd7 Nxd7
24.Bc6 O-O 25.Bxa8 Rxa8 26.Rc2 Bd4 27.Bf4 g5 28.Bd6 Be5 29.Be7 h6 30.Qc1 Rxa4
31.Rc8+ Kh7 32.Qc6 Bg7 33.Qxd5 Nb6 34.Qxe4+ f5 35.Qc6 Nxc8 36.Qxc8 Qg4 37.Qd7 Ra8
38.Bf6 Rg8 39.b5 Kg6 40.Qe6 Kh7 41.f3 Qb4 42.Qxf5+ Kh8 43.Rd1  1-0

[Event "34th Taminco Open"]
[Site "Ghent BEL"]
[Date "2011.07.18"]
[Round "5.6"]
[White "Brasser,P"]
[Black "Draftian,A"]
[Result "1-0"]
[WhiteElo "2172"]
[BlackElo "2290"]

1.e4 c5 2.Nf3 e6 3.d4 cxd4 4.Nxd4 a6 5.Nc3 Qc7 6.a3 Nf6 7.Be2 b5 8.f4 b4
9.axb4 Bxb4 10.O-O Bxc3 11.bxc3 Nxe4 12.Bf3 Bb7 13.Qd3 f5 14.Ba3 h5 15.Rae1 Kf7
16.Bxe4 Bxe4 17.Rxe4 fxe4 18.Qxe4 Nc6 19.f5 e5 20.Qd5+ Kf6 21.Ne6 Qb8 22.Nc5 Qa7
23.Kh1 Ke7 24.Nxd7+ Kd8 25.Nxe5+  1-0

[Event "34th Taminco Open"]
[Site "Ghent BEL"]
[Date "2011.07.18"]
[Round "6.17"]
[White "Willemsma,A"]
[Black "Shchekachev,A"]
[Result "1/2-1/2"]
[WhiteElo "2088"]
[BlackElo "2537"]

1.e4 c5 2.Nf3 e6 3.d4 cxd4 4.Nxd4 a6 5.Nc3 Qc7 6.Be2 b5 7.O-O Bb7 8.Bf3 Nc6
9.g3 Nf6 10.Re1 Nxd4 11.Qxd4 Bc5 12.Qd3 d6 13.e5 dxe5 14.Nxb5 Qb6 15.Nd6+ Bxd6
16.Bxb7 Qxb7 17.Qxd6 Rd8 18.Qxe5 O-O 19.c4 Nd7 20.Qc3 Nc5 21.Be3 Nd3 22.Red1 Nxb2
23.Rxd8 Rxd8 24.Qb3 Qxb3 25.axb3 Ra8 26.Kf1 Nd3 27.Ke2 Ne5 28.f4 Nc6 29.Bc5 h5
30.b4 Rb8 31.Rxa6 Nxb4 32.Rb6 Rxb6 33.Bxb6 Nc6 34.Bc5 f6 35.Kd3 Kf7 36.h3 f5
37.Bd6 Ke8 38.Ba3 Kd7 39.Bf8 g6 40.Bg7 Ke7 41.Bd4 Kd6 42.Bg7 Kc5 43.Bf8+ Kb6
44.Bd6 Ka5 45.Kc3 Ka6 46.Kd3 Kb7 47.Bc5 Kc7 48.Bd4 Nb4+ 49.Kc3 Nc6 50.Kd3 Kd8
51.Bf6+ Ke8 52.Bh8 Kf7 53.Bc3 Ke7 54.Bg7 Kd7 55.Bc3 Kd6 56.Bg7 Kc5 57.Bf8+ Kb6
58.Bd6 Kb7  1/2-1/2

[Event "34th Taminco Open"]
[Site "Ghent BEL"]
[Date "2011.07.18"]
[Round "6.16"]
[White "Wu,Christopher"]
[Black "Draftian,A"]
[Result "1-0"]
[WhiteElo "2038"]
[BlackElo "2290"]

1.e4 c5 2.Nf3 e6 3.d4 cxd4 4.Nxd4 a6 5.Nc3 Qc7 6.g3 Nf6 7.Bg2 Nc6 8.O-O Be7
9.Be3 O-O 10.f4 d6 11.Nb3  1-0

[Event "Najdorf Memorial"]
[Site "Warsaw POL"]
[Date "2011.07.18"]
[Round "6"]
[White "Wieczorek,O"]
[Black "Jakubowski,K"]
[Result "0-1"]
[WhiteElo "2374"]
[BlackElo "2510"]

1.e4 c5 2.Nf3 e6 3.d4 cxd4 4.Nxd4 a6 5.Nc3 b5 6.g3 Bb7 7.Bg2 Nc6 8.O-O Rc8
9.Nxc6 Bxc6 10.Re1 Bc5 11.Nd5 Ba8 12.Qg4 g6 13.b4 Bd4 14.Be3 Bxa1 15.Bb6 exd5
16.Bxd8 Bc3 17.Bb6 Bxe1 18.exd5 Bc3 19.Bd4 Bxd4 20.Qxd4 f6 21.Qe3+ Kf7 22.Qa7 Re8
23.Qxd7+ Re7 24.Qd8 Re1+ 25.Bf1 Ne7 26.Qxh8 Bxd5 27.Qxh7+ Ke6 28.Qh3+ f5
29.g4 Bc4 30.Qc3 Rxf1+ 31.Kg2 fxg4 32.Qe3+ Kf7 33.Qf4+ Nf5 34.Qc7+ Kg8 35.Qd8+ Kg7
36.Qg5 Re1 37.Qd2 Bf1+ 38.Kg1 Rb1 39.f3 gxf3 40.Qc3+ Kh7 41.Qc7+ Kh6 42.Kf2 Be2
43.Qf4+ Kh5  0-1

[Event "XIII Gdansk Open"]
[Site "Gdansk POL"]
[Date "2011.07.19"]
[Round "4.9"]
[White "Renkowski,P"]
[Black "Zielinski,Mac"]
[Result "0-1"]
[WhiteElo "1924"]
[BlackElo "2060"]

1.e4 c5 2.Nf3 e6 3.d4 cxd4 4.Nxd4 a6 5.Nc3 Qc7 6.Be2 Nf6 7.O-O b5 8.e5 Qxe5
9.Bf3 Ra7 10.Re1 Qc7 11.Be3 Rb7 12.Bxb7 Bxb7 13.Nf3 Ng4 14.h3 Nxe3 15.Rxe3 Bc5
16.Re1 O-O 17.Ne4 Be7 18.Qd3 Nc6 19.c3 d5 20.Ng3 Rd8 21.Nd4 g6 22.Nxc6 Qxc6
23.f3 Bh4 24.Nf1 Bxe1 25.Rxe1 f6 26.Kh1 e5 27.Nd2 Kg7 28.Nb3 Qb6 29.f4 Re8
30.Qe3 Qxe3 31.Rxe3 Kf7 32.Nc5 Bc8 33.Rd3 exf4 34.Rxd5 Re1+ 35.Kh2  0-1

[Event "III Corporation Cup A"]
[Site "Izhevsk RUS"]
[Date "2011.07.19"]
[Round "5"]
[White "Dzhangobegov,V"]
[Black "Artemiev,V"]
[Result "1-0"]
[WhiteElo "2268"]
[BlackElo "2401"]

1.e4 c5 2.Nf3 e6 3.d4 cxd4 4.Nxd4 a6 5.Nc3 Qc7 6.Be2 Nf6 7.O-O Nc6 8.Be3 d6
9.f4 Be7 10.Kh1 O-O 11.Qe1 Nxd4 12.Bxd4 Bd7 13.Qg3 Bc6 14.e5 Ne8 15.Bd3 g6
16.Rae1 Ng7 17.Qh3 Rad8 18.Qh6 f6 19.Re3 Nf5 20.Bxf5 exf5 21.e6 Rde8 22.Bb6 Bxg2+
23.Kxg2 Qc6+ 24.Rff3 Kh8 25.Bd4 Rg8 26.Kf2 Qc4 27.Ne2 Qxa2 28.b3 d5 29.Rh3 Rg7
30.Reg3 Qxc2 31.Rxg6 Reg8 32.Rxg7 Rxg7 33.Rg3 Rxg3 34.hxg3 Kg8 35.Qh5  1-0

[Event "2nd SPI Open"]
[Site "Satu Mare ROU"]
[Date "2011.07.19"]
[Round "6"]
[White "Manole,S"]
[Black "Filip,L"]
[Result "0-1"]
[WhiteElo "1981"]
[BlackElo "2469"]

1.e4 c5 2.Nf3 e6 3.d4 cxd4 4.Nxd4 a6 5.Nc3 Qc7 6.g3 Bb4 7.Qd3 Nf6 8.Bg2 Nc6
9.Nxc6 dxc6 10.a3 Be7 11.O-O e5 12.h3 O-O 13.Be3 Be6 14.Qe2 b5 15.b3 Nd7
16.f4 f6 17.Qf2 a5 18.Rfd1 Rfd8 19.Rd3 b4 20.axb4 axb4 21.Na4 c5 22.Rdd1 c4
23.bxc4 Qxc4 24.Bb6 Nxb6 25.Nxb6 Rxa1 26.Rxa1 Qc3  0-1

[Event "Najdorf Memorial"]
[Site "Warsaw POL"]
[Date "2011.07.19"]
[Round "6.37"]
[White "Malec,S"]
[Black "Poznanska,K"]
[Result "1-0"]
[WhiteElo "2159"]
[BlackElo "2068"]

1.e4 c5 2.Nf3 e6 3.d4 cxd4 4.Nxd4 a6 5.Nc3 b5 6.Bd3 Qb6 7.Nb3 Qc7 8.O-O Bb7
9.f4 d6 10.Qe2 Nd7 11.Bd2 Be7 12.Kh1 Rc8 13.a4 b4 14.Na2 a5 15.c3 Nc5 16.Bb5+ Kf8
17.Nxa5 bxc3 18.Nxb7 cxb2 19.Nxc5 bxa1=Q 20.Nd7+ Qxd7 21.Bxd7 Qxa2 22.Bxc8 Qxa4
23.f5 e5 24.Rc1 g6 25.g4 h5 26.g5 d5 27.exd5 Qd4 28.Qg2 h4 29.fxg6 Bc5 30.Rf1 Ne7
31.Qf3 Ke8 32.gxf7+ Kf8 33.g6 Nxg6 34.Bc3 Qc4 35.Be6 h3 36.Re1 Kg7 37.Rf1 Kf8
38.Rb1 Kg7 39.Rb7 Rf8 40.Rb1 Rh8 41.Re1 Rh4 42.f8=Q+ Bxf8 43.Qf7+ Kh6 44.Bd2+ Rf4
45.Bf5  1-0

[Event "16th Balaguer Open"]
[Site "Balaguer ESP"]
[Date "2011.07.20"]
[Round "4"]
[White "Fortuny Profitos,Jordi"]
[Black "Turuguet Lopez,J"]
[Result "0-1"]
[WhiteElo "1715"]
[BlackElo "1928"]

1.e4 c5 2.Nf3 e6 3.d4 cxd4 4.Nxd4 a6 5.Nc3 Qc7 6.Be3 Nf6 7.f3 Nc6 8.g4 Bd6
9.Qd2 Ne5 10.O-O-O Bb4 11.h4 Bxc3 12.bxc3 Nc4 13.Bxc4 Qxc4 14.Nb3 b5 15.Qd3 Qxd3
16.cxd3 d6 17.Kd2 Ke7 18.Ra1 Bd7 19.Rhb1 Rhc8 20.Na5 e5 21.c4 Ne8 22.Rc1 Nc7
23.c5 dxc5 24.Bxc5+ Ke6 25.Bb6 Ne8 26.Rxc8 Rxc8 27.Rc1 Rxc1 28.Kxc1 Nd6 29.Nb3 g6
30.Nc5+ Ke7 31.Nxa6 f5 32.g5 Be6 33.Nb4 Kd7 34.Nd5 Bxd5 35.exd5 f4 36.Kb2 Nf5
37.Kb3 Nxh4 38.Kb4 Nxf3 39.Kxb5 Nd4+ 40.Kb4 f3 41.a4 f2 42.a5 f1=Q 43.a6 Qb1+
44.Kc5 Qb5+  0-1

[Event "I Goi Mailako Centre GM"]
[Site "Donostia ESP"]
[Date "2011.07.20"]
[Round "10"]
[White "Libiszewski,F"]
[Black "Gonzalez de la Torre,S"]
[Result "1-0"]
[WhiteElo "2480"]
[BlackElo "2460"]

1.e4 c5 2.Nf3 e6 3.d4 cxd4 4.Nxd4 a6 5.Nc3 Qc7 6.Be2 b5 7.O-O Bb7 8.Re1 Nc6
9.Nxc6 dxc6 10.e5 Rd8 11.Bd3 c5 12.Qg4 Ne7 13.Bg5 Rd4 14.Qh3 h6 15.Be3 Rd7
16.a4 b4 17.Ne4 Nf5 18.Nd2 Nd4 19.Qg3 g5 20.Nc4 Be7 21.Rad1 Kf8 22.Bxd4 Rxd4
23.Bf1 Rf4 24.Nd6 Bd5 25.Bxa6 c4 26.b3 c3 27.Bc4 Ba8 28.Bd3 f5 29.h3 Kg7
30.Bb5 Bd5 31.Bc4 Bxc4 32.bxc4 Ra8 33.Qd3 Qc5 34.Re3 Rh4 35.Ra1 Rd8 36.Rd1 Rxc4
37.a5 Qc6 38.Qe2 Rc5 39.Red3 Kg6 40.Nxf5 exf5 41.Rxd8 Bxd8 42.Rxd8 Qe4 43.Rd6+ Kf7
44.Qh5+ Ke7 45.Rxh6 Qe1+ 46.Kh2 Qxe5+ 47.g3 Rc7 48.Qxg5+ Kd7 49.a6 b3 50.a7 Rxa7
51.Rh7+ Kc6 52.Rxa7 b2 53.Qg6+ Kb5 54.Qa6+ Kc5 55.Qa5+  1-0

[Event "4th Paleohora Open"]
[Site "Paleochora GRE"]
[Date "2011.07.20"]
[Round "1"]
[White "De Lisa,C"]
[Black "Sivuk,V"]
[Result "0-1"]
[WhiteElo "1757"]
[BlackElo "2422"]

1.e4 c5 2.Nf3 e6 3.d4 cxd4 4.Nxd4 a6 5.Nc3 b5 6.a3 Bb7 7.Be3 d6 8.Qd2 Nf6
9.f3 Nbd7 10.g4 h6 11.h4 Ne5 12.Be2 Rc8 13.O-O-O Nfd7 14.g5 Nb6 15.gxh6 gxh6
16.f4 Nbc4 17.Nxe6 fxe6 18.Bh5+ Kd7 19.Qd4 Nxe3 20.Qxe5 Nxd1 21.Rxd1 Be7
22.Bg4 Qg8 23.Qh5 Kc7 24.Be2 Kb8 25.a4 b4 26.Na2 Rc5 27.Qf3 a5  0-1

[Event "Czech Open G Rapid"]
[Site "Pardubice CZE"]
[Date "2011.07.20"]
[Round "2.3"]
[White "Suran,J"]
[Black "Schlosser,P"]
[Result "0-1"]
[WhiteElo "2360"]
[BlackElo "2599"]

1.e4 c5 2.Nf3 e6 3.d4 cxd4 4.Nxd4 a6 5.Nc3 b5 6.Bd3 d6 7.O-O Nf6 8.Kh1 Be7
9.f4 O-O 10.e5 dxe5 11.fxe5 Nfd7 12.Bxh7+ Kxh7 13.Qh5+ Kg8 14.Rf3 Nxe5 15.Qxe5 Bf6
16.Qe4 Bxd4 17.Qxa8 Bxc3 18.Bg5 Qxg5 19.Rxc3 Bd7 20.Rd1 b4 21.Rg3 Qe5 22.c3 Ba4
23.b3 Bc6 24.Qa7 bxc3 25.Qd4 c2  0-1

[Event "III Corporation Cup A"]
[Site "Izhevsk RUS"]
[Date "2011.07.21"]
[Round "6"]
[White "Makarenko,A"]
[Black "Shurunov,An"]
[Result "0-1"]
[WhiteElo "2082"]
[BlackElo "1930"]

1.e4 c5 2.Nf3 e6 3.d4 cxd4 4.Nxd4 a6 5.Nc3 Qc7 6.Be2 Nf6 7.O-O Bc5 8.Qd3 O-O
9.Bg5 Be7 10.f4 d6 11.Rf3 Nc6 12.Nxc6 bxc6 13.Rh3 e5 14.f5 Ng4 15.Bxg4 Bxg5
16.Rd1 Rd8 17.Rh5 Bf6 18.Be2 Bb7 19.g4 h6 20.h4 Qb6+ 21.Kf1 Be7 22.f6 Bxf6
23.g5 Be7 24.gxh6 g6 25.Qg3 Bc8 26.Bc4 d5 27.exd5 Bf6 28.d6 Kf8 29.h7 Bh8
30.Ke2 Qb4 31.b3 Rxd6 32.a3 Qxa3 33.Rf1 Be6 34.Bd3 Rxd3 35.Kxd3 Rd8+ 36.Ke2 gxh5
37.Qg5 Ke8 38.Ne4 Qb2 39.Nf6+ Bxf6 40.Rxf6 Qxc2+ 41.Kf3 Rd3+ 42.Qe3 Rxe3+
43.Kxe3 Qxh7  0-1

[Event "4th Paleohora Open"]
[Site "Paleochora GRE"]
[Date "2011.07.21"]
[Round "2"]
[White "Seretakis,N"]
[Black "Nikolov,Mo"]
[Result "0-1"]
[WhiteElo "2185"]
[BlackElo "2589"]

1.e4 c5 2.Nf3 e6 3.d4 cxd4 4.Nxd4 a6 5.Nc3 Qc7 6.g3 Bb4 7.Ne2 Nf6 8.Bg2 Nc6
9.O-O Be7 10.h3 O-O 11.g4 b5 12.g5 Ne8 13.Ng3 f6 14.h4 fxg5 15.hxg5 Bc5 16.Nf5 Ne5
17.Be3 Bb7 18.Bxc5 Qxc5 19.Ne3 Nd6 20.a3 Rf4 21.Qh5 Raf8 22.Rad1 Nxe4  0-1

[Event "2nd SPI Open"]
[Site "Satu Mare ROU"]
[Date "2011.07.21"]
[Round "9"]
[White "Manole,S"]
[Black "Manolache,M"]
[Result "0-1"]
[WhiteElo "1981"]
[BlackElo "2533"]

1.e4 c5 2.Nf3 e6 3.d4 cxd4 4.Nxd4 a6 5.Nc3 Qc7 6.g3 Nf6 7.Bg2 Be7 8.O-O Nc6
9.Nxc6 dxc6 10.Be3 e5 11.Na4 Nd7 12.c4 b5 13.cxb5 axb5 14.Nc3 O-O 15.Qc2 Qb8
16.Rfd1 Nf6 17.Ne2 Be6 18.Nc1 Rc8 19.Nd3 c5 20.f4 Ng4 21.Bf2 c4 22.Nxe5 Nxf2
23.Kxf2 b4 24.Nc6 Rxc6 25.e5 g6  0-1

[Event "20th ch-MKD Open"]
[Site "Struga MKD"]
[Date "2011.07.21"]
[Round "6"]
[White "Lazov,Toni"]
[Black "Hadzi Manev,L"]
[Result "1/2-1/2"]
[WhiteElo "1709"]
[BlackElo "2134"]

1.e4 c5 2.Nf3 e6 3.d4 cxd4 4.Nxd4 a6 5.Nc3 b5 6.Bd3 Bc5 7.Be3 Qb6 8.Nce2 Nf6
9.c3 Qc7 10.O-O Ng4 11.Bf4 e5 12.Bg3 h5 13.Nf3 d6 14.b4 Bb6 15.a4 bxa4 16.c4 Nc6
17.Nc3 Ne7 18.Qxa4+ Bd7 19.Qb3 O-O 20.h3 Nf6 21.Bh4 Be6 22.Bxf6 gxf6 23.Nd5 Bxd5
24.cxd5 a5 25.bxa5 Rxa5 26.Rxa5 Bxa5 27.Nh4 Kg7 28.Be2 Qc3 29.Qxc3 Bxc3 30.Rc1 Bd2
31.Rc7 Bg5 32.Rxe7 Bxh4 33.Bxh5 f5 34.Rd7 fxe4 35.Rxd6 Rd8 36.Rxd8 Bxd8 37.Kf1 Bb6
38.Bd1 e3 39.fxe3 Bxe3 40.Ke2 Bc5 41.Bc2 Bd6 42.Kf3 Bb4 43.Kg4 Kf6 44.Kh5 Bf8
45.g4 Bg7 46.Kh4 Bh6 47.Kg3 Bf4+ 48.Kf3 Kg5 49.Bd3 Bd2 50.Ke4 Kf6 51.Bc4 Bb4
52.h4 Bd6 53.Bb5 Bc7 54.Bd7 Kg6 55.Bf5+ Kh6 56.Kd3 Bd8 57.h5 Kg5 58.Kc4 Be7
59.Kb5 Bf8 60.Kc6 e4 61.d6 e3 62.d7 Be7 63.Bd3 f5 64.gxf5 Kxh5 65.Kd5 Kg5
66.Ke4 Kf6 67.Kxe3 Ke5  1/2-1/2

[Event "III Corporation Cup A"]
[Site "Izhevsk RUS"]
[Date "2011.07.22"]
[Round "7"]
[White "Harutjunyan,G"]
[Black "Tunik,G"]
[Result "1-0"]
[WhiteElo "2464"]
[BlackElo "2440"]

1.e4 c5 2.Nf3 e6 3.d4 cxd4 4.Nxd4 a6 5.Nc3 Qc7 6.Be2 b5 7.O-O Bb7 8.Re1 Nc6
9.Nxc6 dxc6 10.e5 Bb4 11.Bd3 Bxc3 12.bxc3 c5 13.Qg4 Ne7 14.a4 c4 15.Be4 Bxe4
16.Qxe4 Rd8 17.Ba3 O-O 18.Bd6 Qd7 19.axb5 axb5 20.h4 Rfe8 21.h5 h6 22.Ra6 Nd5
23.Rea1 f5 24.Qf3 Qf7 25.R1a5 f4 26.Rxb5 Ra8 27.Rxa8 Rxa8 28.Rc5 g5 29.hxg6 Ra1+
30.Kh2 Qxg6 31.Rxc4 Rc1 32.Qd3 Qh5+ 33.Qh3 Qxh3+ 34.Kxh3 Kf7 35.Rd4 Kg6 36.c4 Kf5
37.g4+ fxg3 38.Kxg3 Nc3 39.Rf4+ Kg5 40.Be7+ Kh5 41.Kf3 Rxc2 42.Rf6 Nd1 43.c5 Nxf2
44.Rxe6 Nd3 45.Ke3 Nb4 46.Kd4 Rc1 47.Bf8 Kg4 48.Rg6+ Kf3 49.Rf6+ Ke2 50.Rxh6  1-0

[Event "Landon Brownell Memorial"]
[Site "Los Angeles USA"]
[Date "2011.07.22"]
[Round "5"]
[White "Liu,E"]
[Black "Coleman,T"]
[Result "1-0"]
[WhiteElo "2291"]
[BlackElo "2285"]

1.e4 c5 2.Nf3 e6 3.d4 cxd4 4.Nxd4 a6 5.Nc3 Qc7 6.Be2 b5 7.O-O b4 8.Na4 Bb7
9.Bf3 Bd6 10.g3 Nc6 11.Bg2 Nf6 12.c3 Nxd4 13.Qxd4 Be5 14.Qxb4 a5 15.Qc5 Nxe4
16.Qxc7 Bxc7 17.Re1 f5 18.Be3 Kf7 19.Rad1 Rad8 20.Bxe4 Bxe4 21.Bg5 Bc6 22.Bxd8 Rxd8
23.Nc5 f4 24.gxf4 g6 25.b4 Ke7 26.a4 Bxf4 27.b5 Ba8 28.c4 Bc7 29.Na6 Bf4
30.Rd4 Rf8 31.Red1 Rf5 32.Rxd7+ Kf6 33.R1d3 Rg5+ 34.Kf1 Bxh2 35.c5 Be4 36.c6 Rg1+
37.Ke2 Rc1 38.Rd1 Rc3 39.c7 Bf4 40.b6 Ke5 41.Rxh7 g5 42.Rh8 Bb7 43.Nb8 g4
44.Rh5+ Kf6 45.Nd7+ Kg6 46.Rc5 Ba6+ 47.Ke1 g3 48.fxg3 Rxg3 49.c8=Q  1-0

[Event "20th ch-MKD Open"]
[Site "Struga MKD"]
[Date "2011.07.22"]
[Round "7"]
[White "Stojanovski,K"]
[Black "Tairi,K"]
[Result "1-0"]
[WhiteElo "2144"]
[BlackElo "1742"]

1.e4 c5 2.Nf3 e6 3.d4 cxd4 4.Nxd4 a6 5.Nc3 Qc7 6.g3 b5 7.Bg2 Bb7 8.O-O d6
9.a3 Nf6 10.Re1 Nbd7 11.f4 Nb6 12.Qd3 Be7 13.h3 h5 14.f5 e5 15.Nf3 Qc4 16.Be3 Qxd3
17.cxd3 Bd8 18.Rac1 Rc8 19.Bf2 Nbd7 20.d4 Ba5 21.b4 Bb6 22.d5 Bxf2+ 23.Kxf2 Nb6
24.Nd2 Ke7 25.Bf1 Rhd8 26.Ke3 Rd7 27.Na2 Rdc7 28.Rxc7+ Rxc7 29.Rc1 Kd7 30.Be2 Nc8
31.Nf3 Rxc1 32.Nxc1 Ne7 33.Ng5 Ke8 34.Nb3 Neg8 35.Na5 Bc8 36.Bd1 Bd7 37.Nb7 Ke7
38.Nxd6 Kxd6 39.Nxf7+ Ke7 40.Nxe5 Nh6 41.Ng6+ Kf7 42.Nf4 Bc8 43.Nxh5 Nxh5
44.Bxh5+ Kf6 45.Kf4 Nf7 46.Bxf7 Kxf7 47.Kg5 Bb7 48.h4 Bc8 49.d6 Bd7 50.h5 Kg8
51.e5 Kf7 52.g4 Bc8 53.e6+ Bxe6 54.fxe6+ Kxe6 55.Kg6 Kxd6  1-0

[Event "ch-SWE Master Elite"]
[Site "Vasteras SWE"]
[Date "2011.07.22"]
[Round "7"]
[White "Lindberg,Be"]
[Black "Hillarp Persson,T"]
[Result "1-0"]
[WhiteElo "2391"]
[BlackElo "2547"]

1.e4 c5 2.Nf3 e6 3.d4 cxd4 4.Nxd4 a6 5.Nc3 b5 6.Bd3 Qb6 7.Nf3 Qc7 8.O-O Bb7
9.Re1 Be7 10.e5 f5 11.a4 b4 12.Nb1 Nc6 13.Nbd2 Na5 14.Nd4 Nh6 15.N2f3 O-O
16.Bxh6 gxh6 17.Qd2 Kh8 18.Qxh6 Rg8 19.g3 Nc6 20.Nb3 Rg6 21.Qh5 Rag8 22.Rad1 Bf8
23.Be2 Ne7 24.Rd4 Bd5 25.Bd1 a5 26.Nh4 Rh6 27.Qf7 Qd8 28.Rxd5 Nxd5 29.Nxf5 Rhg6
30.Bh5 Rg5 31.Nfd4 Bg7 32.Qf3 Bxe5 33.Re4 Nf6 34.Rh4 Nxh5 35.Rxh5 Rxh5 36.Qxh5 Bxd4
37.Nxd4 Qf6 38.c3 bxc3 39.bxc3 e5 40.Nb3 Rb8 41.Nxa5 d5 42.Nc6 Rf8 43.Qxe5 Qxe5
44.Nxe5 Rc8 45.Kf1 Rxc3 46.Ke2 Kg7 47.Nd3 Kf6 48.Ke3 Ke6 49.h4 Kd6 50.h5 Ra3
51.g4 Rxa4 52.f4 Re4+ 53.Kf3 Re8 54.g5 d4 55.Ne5 Kd5 56.Ng4 Kc4 57.g6 hxg6
58.hxg6 Kc3 59.f5 d3 60.g7 d2 61.Nf2 Kd4 62.f6 Re6 63.g8=Q Rxf6+ 64.Ke2 Rxf2+
65.Kxf2  1-0

[Event "Open NK"]
[Site "Dieren NED"]
[Date "2011.07.23"]
[Round "5"]
[White "Zwirs, Nico"]
[Black "Ikeda, Junta"]
[Result "0-1"]
[WhiteElo "2125"]
[BlackElo "2349"]

1.e4 c5 2.Nf3 e6 3.d4 cxd4 4.Nxd4 a6 5.Nc3 Qc7 6.g3 Bb4 7.Bd2 Nc6 8.Nxc6 dxc6
9.Qg4 Bf8 10.Bg2 e5 11.Qe2 Nf6 12.h3 h5 13.O-O-O b5 14.f4 Nd7 15.h4 Nc5 16.fxe5 b4
17.Nd5 cxd5 18.exd5 Bf5 19.Kb1 Rc8 20.Bxb4 Qb6 21.Qf2 g6 22.Bc3 Bg7 23.Rhf1 Qb5
24.Bd4 O-O 25.Qe3 Nd7 26.Rxf5 gxf5 27.Qf4 Qe2 28.Bf3 Qxc2+ 29.Ka1 Nxe5 30.Rb1 Ng6
31.Qe3 Rfe8 32.Qxe8+  0-1

[Event "Open NK"]
[Site "Dieren NED"]
[Date "2011.07.23"]
[Round "5"]
[White "Vos, Tjark"]
[Black "Gruenhagen, Marc"]
[Result "1-0"]
[WhiteElo "1842"]
[BlackElo "2133"]

1.e4 c5 2.Nf3 e6 3.d4 cxd4 4.Nxd4 a6 5.Nc3 Qc7 6.Bd3 Nf6 7.O-O d6 8.a4 b6
9.Be3 Be7 10.f4 Nbd7 11.g4 Nc5 12.g5 Nfd7 13.f5 Bb7 14.fxe6 fxe6 15.b4 Nxd3
16.Qxd3 Nf8 17.Rxf8+ Bxf8 18.Nxe6 Qd7 19.Nd5 Rc8 20.Qb3 Bxd5 21.exd5 Be7
22.Rf1 b5 23.Nxg7+  1-0

[Event "Landon Brownell Memorial"]
[Site "Los Angeles USA"]
[Date "2011.07.23"]
[Round "7"]
[White "Amanov,Z"]
[Black "Coleman,T"]
[Result "1/2-1/2"]
[WhiteElo "2382"]
[BlackElo "2285"]

1.e4 c5 2.Nf3 e6 3.d4 cxd4 4.Nxd4 a6 5.Nc3 Qc7 6.g3 Bb4 7.Bd2 Nc6 8.Nxc6 bxc6
9.Bg2 Be7 10.O-O e5 11.Na4 Nf6 12.c4 d6 13.Rc1 O-O 14.b3 Bb7 15.Be3 Nd7 16.Qd2 Rad8
17.Qc2 Ba8 18.Rfd1 Nc5 19.Nc3 Ne6 20.c5 dxc5 21.Na4 Nd4 22.Qc4 Rb8 23.Bf1 Rb5
24.Qd3 Bb7 25.Qb1 Rd8 26.Bxd4 cxd4 27.Bxb5 axb5 28.Nc5 Bc8 29.f3 Bg5 30.Rc2 Be3+
31.Kg2 Qd6 32.Re2 Qh6 33.h4 Rd6 34.Qd3 Bc1 35.Rxc1 Qxc1 36.Qc2 Qh6 37.Qd2 Qf6
38.a4 Qd8 39.Qb4 g5 40.h5 g4 41.fxg4 Bxg4 42.Nb7 Qd7 43.Qxd6 Qxd6 44.Nxd6 Bxe2
45.a5 b4 46.Nb7 Ba6 47.Nc5 d3 48.Na4 d2 49.Nb2 Kg7 50.Kf2 Kh6 51.Ke3 Kxh5
52.Kxd2 Kg4 53.Nd3 Kxg3 54.Nc5 Bc8 55.a6 Bxa6 56.Nxa6 h5 57.Ke2 h4 58.Nxb4 h3
59.Nd3 h2 60.Nf2 c5 61.Ke3 Kg2 62.Nh1  1/2-1/2

[Event "4th Paleohora Open"]
[Site "Paleochora GRE"]
[Date "2011.07.23"]
[Round "5"]
[White "Kaforos,D"]
[Black "Kaplan,S"]
[Result "0-1"]
[WhiteElo "2193"]
[BlackElo "2436"]

1.e4 c5 2.Nf3 e6 3.d4 cxd4 4.Nxd4 a6 5.Nc3 b5 6.Bd3 Qb6 7.Nf3 Qc7 8.O-O Bb7
9.Re1 Be7 10.e5 f5 11.Bf4 Nh6 12.Bxh6 gxh6 13.Qe2 Rg8 14.a4 b4 15.Nb1 Nc6
16.Nbd2 Rg6 17.Rad1 Nd4 18.Nxd4 Bxg2 19.Qh5 Bh3+ 20.Kh1 Bg4 21.Qxg6+ hxg6
22.f3 Bh5  0-1

[Event "XXXVII Open"]
[Site "Sitges ESP"]
[Date "2011.07.23"]
[Round "2"]
[White "Cabrera,Ale"]
[Black "Beltran Rueda,S"]
[Result "1-0"]
[WhiteElo "2530"]
[BlackElo "2376"]

1.e4 c5 2.Nf3 e6 3.d4 cxd4 4.Nxd4 a6 5.Nc3 b5 6.Bd3 Bb7 7.O-O d6 8.a4 b4
9.Na2 Nf6 10.Qe1 d5 11.e5 Nfd7 12.f4 Bc5 13.Be3 Qb6 14.c3 Nc6 15.Qf2 bxc3
16.bxc3 g6 17.Rab1 Qa7 18.Nc1 Na5 19.Nce2 Nc4 20.Bc1 Ndb6 21.f5 O-O-O 22.fxe6 Nxa4
23.Kh1 Nxe5 24.Qg3 Bd6 25.exf7 Nc5 26.Bc2 Ba8 27.Bh6 Qc7 28.Bg7 Bb7 29.Bxh8 Rxh8
30.Qg5 Rf8 31.Qf6 Qd7 32.Nf5 Bc7 33.Nh6 Nc4 34.Qd4 Qd6 35.Ng3 Ne6 36.Qf6 Bd8
37.Qf2 Bg5 38.Qa7 Nd8 39.Ng4 h5  1-0

[Event "20th ch-MKD Open"]
[Site "Struga MKD"]
[Date "2011.07.23"]
[Round "8"]
[White "Stojkovska,M"]
[Black "Koskoska,G"]
[Result "1/2-1/2"]
[WhiteElo "1900"]
[BlackElo "2143"]

1.e4 c5 2.Nf3 e6 3.Nc3 a6 4.d4 cxd4 5.Nxd4 Qc7 6.Bd3 Bc5 7.Be3 Nf6 8.O-O d6
9.Kh1 O-O 10.Qe2 Bd7 11.Nb3 Bxe3 12.fxe3 Nc6 13.Qf2 Ne5 14.Qg3 Qd8 15.Nd2 Nh5
16.Qh3 Qg5 17.Nc4 Nxc4 18.Bxc4 Nf6 19.Qf3 Bc6 20.Bd3 Nd7 21.Ne2 f5 22.Qg3 Qxg3
23.Nxg3 g6 24.Bc4 d5 25.exd5 exd5 26.Bb3 Rae8 27.Rfe1 Kg7 28.Rad1 Nb6 29.Nf1 Re5
30.Kg1 Rfe8 31.Kf2 a5 32.a3 Nd7 33.Nd2 Nf6 34.h3 a4 35.Ba2 h6 36.Nf3 R5e7
37.Nd4 Ne4+ 38.Kf3 Ng5+ 39.Kf2 Ne4+ 40.Kf3 Nd6 41.Kf2 Ne4+ 42.Kf3  1/2-1/2

[Event "III Corporation Cup A"]
[Site "Izhevsk RUS"]
[Date "2011.07.24"]
[Round "9"]
[White "Petrosian,DG"]
[Black "Vasilevich,I"]
[Result "1-0"]
[WhiteElo "2478"]
[BlackElo "2367"]

1.e4 c5 2.Nf3 e6 3.d4 cxd4 4.Nxd4 a6 5.Nc3 b5 6.Bd3 Qb6 7.Be3 Bc5 8.Nce2 Bb7
9.O-O Qc7 10.a4 b4 11.c3 Nf6 12.cxb4 Bxb4 13.Rc1 Qa5 14.Qb3 Nc6 15.Rc4 Bd6
16.Qxb7 Rb8 17.Nxc6 Bxh2+ 18.Kxh2 Qh5+ 19.Kg1 Rxb7 20.Nf4 Qh4 21.g3 Qh6 22.Nxe6 Qh3
23.Nf4 Qh6 24.Nd4 d5 25.exd5 g6 26.Nxg6 Qh5 27.Nf4 Qe5 28.Rc8+ Kd7 29.Rxh8 Rxb2
30.Rd8+  1-0